<?xml version="1.0" encoding="UTF-8"?>
<collection xmlns="http://www.loc.gov/MARC21/slim">
  <record>
    <leader>00000nam  2200000   4500</leader>
    <controlfield tag="001">INLIS000000000000601</controlfield>
    <controlfield tag="005">20180724135511</controlfield>
    <controlfield tag="008">180724|||||||||   |   |||   |||| ||   | </controlfield>
    <datafield tag="035" ind1=" " ind2=" ">
      <subfield code="0">010-0718000601</subfield>
    </datafield>
    <datafield tag="041" ind1=" " ind2=" ">
      <subfield code="a">id</subfield>
    </datafield>
    <datafield tag="082" ind1=" " ind2=" ">
      <subfield code="a">010</subfield>
    </datafield>
    <datafield tag="090" ind1=" " ind2=" ">
      <subfield code="a">R 010 PIM I 2014</subfield>
    </datafield>
    <datafield tag="100" ind1=" " ind2=" ">
      <subfield code="a">Arif Sofwan, Ferry</subfield>
    </datafield>
    <datafield tag="245" ind1=" " ind2=" ">
      <subfield code="a">Pengembangan Program Sertifikasi Halal di Jawa Barat untuk Peningkatan Daya Saing Produk</subfield>
    </datafield>
    <datafield tag="260" ind1=" " ind2=" ">
      <subfield code="a">Jakarta</subfield>
      <subfield code="b">LAN Jakarta</subfield>
      <subfield code="c">2014</subfield>
    </datafield>
    <datafield tag="300" ind1=" " ind2=" ">
      <subfield code="a">44 hlm.</subfield>
    </datafield>
    <datafield tag="500" ind1=" " ind2=" ">
      <subfield code="a">Tujuan pengembangan Raperda antara lain menyelenggarakan pembangunan industry halal sebagai motor penggerak perekonomian daerah yang mampu memberikan dorongan pada peningkatan kesejahteraan masyarakat dengan menyediakan platform yang kredibel untuk menjembatani rantai pasok produk halal, sehingga mampu memenuhi kebutuhan produk halal daerah sekaligus mampu bersaing dengan produk halal secara berkelanjutan; menjadi landasan koordinasi antar pemangku kepentingan agroindustry halal serta landasan pondasi kebijakan yang kuat melalui perencanaan strategis sebagai bukti komitmen pemerintah terhadap pengembangan industry halal, menjadi landasan untuk melaksanakan berbagai kewenangan berdasarkan kelompok institusi untuk melakukan tugasnya masing-masing dan berkoordinasi secara aktif satu sama lain untuk mewujudkan tujuan bersama disertai dengan pembangunan sistem informasi dan database agroindustri halal daerah yang mampu mencakup seluruh pemangku kepentingan yang terlibat, dan lain sebagainya.</subfield>
    </datafield>
    <datafield tag="650" ind1=" " ind2=" ">
      <subfield code="a">Sertifikasi Hala</subfield>
    </datafield>
  </record>
</collection>
